000 00361pab a2200145 454500
008 180718b1985 xxu||||| |||| 00| 0 eng d
100 _aShrestham, Mangal Krishna
245 _aLogistics for project management in Nepal
260 _c1985
300 _a71-7
362 _aMar.
650 _aProject Management - Nepal
773 _aPrashasan
909 _a16256
999 _c16256
_d16256